Welcome to the Holygrace Academy Library

Please use search bar below to get started

KUTTIKALKKULLA RASAKARAMAYA KATHAKAL (Record no. 1409)

MARC details
000 -LEADER
fixed length control field 00326nam a22001337a 4500
082 ## - DEWEY DECIMAL CLASSIFICATION NUMBER
Classification number 894.812.3
Item number THA/K
100 ## - MAIN ENTRY--AUTHOR NAME
Personal name THANNIPPUZHA,SATHYAN
245 ## - TITLE STATEMENT
Title KUTTIKALKKULLA RASAKARAMAYA KATHAKAL
250 ## - EDITION STATEMENT
Edition statement FOURTH
260 ## - PUBLICATION, DISTRIBUTION, ETC. (IMPRINT)
Place of publication THRISSUR
Name of publisher H&C PUBLISHING HOUSE
Year of publication 2008
300 ## - PHYSICAL DESCRIPTION
Number of Pages 80
650 ## - SUBJECT ADDED ENTRY--TOPICAL TERM
Topical Term SHORT STORY
Geographic subdivision KERALA
942 ## - ADDED ENTRY ELEMENTS (KOHA)
Koha item type Books
Holdings
Withdrawn status Lost status Collection code Home library Current library Shelving location Date acquired Source of acquisition Full call number Accession Number Koha item type Cost, normal purchase price
    Fiction Main Library Main Library SHELF-6C MALAYALAM SHORT STORIES 07/03/2014 PURCHASE 894.812.3 THA/K 07778 Books  
    Fiction Main Library Main Library SHELF-6C MALAYALAM SHORT STORIES 07/03/2014 PURCHASE 894.812.3 THA/K 07777 Books 10.00